Quizzes
Events
Quiz Creation
Community
Videos
Private Events
Remove Ads
Sign In
Join for FREE
Feedback
Dark Mode
Quiz Categories
Sports
Geography
Music
Movies
Television
Just For Fun
Miscellaneous
History
Literature
Language
Science
Gaming
Entertainment
Religion
Holiday
For Kids
Quiz Lab
Recent
Popular Today
Quiz Kudos Today
Editor Picks
Curator Picks
Quizzes by...
Day
Popularity
Type
Ratings
Length
Year
Community
Subscriptions
Recent Discussions
Orange Saloon
Badges
Playlists
Quests
Create
Leaderboards
Showdown
Live 5
Trivia Bingo
Activity
Puzzle Library
Sporcle Events
Private Events
Virtual Trivia
Globe League
Become a Host
Pub Owners
SporcleCon
Opinionation
Our Games
Videos
Blog
Mobile Apps
Partnerships
Remove Ads and Go Orange
Feedback
Music
Pop Music
The Beatles
Song
Album
Lyrics
Bands
Singers
Artist
Clip
Rock
Rap
Classical
Billboard
Country Music
Kpop
Taylor Swift
Music
Pop Music
The Beatles
Song
Album
Lyrics
Bands
Singers
Artist
Clip
Rock
Rap
Classical
Billboard
Country Music
Kpop
Taylor Swift
Random Quiz
Search Sporcle
×
Quiz Lab
Quiz Lab
Music
Coaster
Type in answers that appear in a list
Type in answers that appear in a list
Classic
Best Score? Go Orange.
Coaster lyrics Stats
Can you name the coaster lyrics?
By
2938576
10m
194 Questions
16 Plays
16 Plays
16 Plays
Comments
Comments
Give Quiz Kudos
Give Quiz Kudos
-
- Ratings
hide this ad
Replay
Link that replays current quiz
Next Quiz
Link to next quiz in quiz playlist
You Got
0%
They Got
Avg Score
73%
Avg Friend Score
Upgrade to see
Score Distribution
Jump to the score distribution portion of the page
Score
0/194
Timer
10:00
0
Plays Today
Hint
Answer
% Correct
the
93.8%
the
93.8%
the
93.8%
the
93.8%
the
93.8%
the
93.8%
the
93.8%
the
93.8%
the
93.8%
the
93.8%
the
93.8%
the
93.8%
the
93.8%
the
93.8%
the
93.8%
my
87.5%
you
87.5%
you
87.5%
you
87.5%
you
87.5%
you
87.5%
my
87.5%
you
87.5%
you
87.5%
my
87.5%
you
87.5%
you
87.5%
you
87.5%
you
87.5%
you
87.5%
you
87.5%
you
87.5%
you
87.5%
you
87.5%
you
87.5%
you
87.5%
me
81.3%
roller
81.3%
roller
81.3%
me
81.3%
me
81.3%
me
81.3%
me
81.3%
me
81.3%
me
81.3%
me
81.3%
me
81.3%
me
81.3%
me
81.3%
me
81.3%
me
81.3%
me
81.3%
me
81.3%
me
81.3%
me
81.3%
time
75%
i
75%
so
75%
for
75%
ill
75%
for
75%
ill
75%
for
75%
ill
75%
for
75%
Hint
Answer
% Correct
ill
75%
be
75%
to
75%
for
75%
werent
75%
one
75%
for
75%
but
75%
down
75%
i
75%
to
75%
be
75%
ill
75%
i
75%
for
75%
for
75%
so
75%
ill
75%
be
75%
coasting
75%
coasting
75%
i
75%
be
75%
coasting
75%
coasting
75%
i
75%
weren't
75%
one
75%
for
75%
werent
75%
one
75%
for
75%
werent
75%
one
75%
for
75%
werent
75%
one
75%
for
75%
werent
75%
one
75%
for
75%
werent
75%
one
75%
for
75%
werent
75%
one
75%
werent
75%
one
75%
for
75%
so
75%
to
75%
to
75%
to
75%
to
75%
to
75%
werent
75%
one
75%
for
75%
werent
75%
one
75%
for
75%
werent
75%
one
75%
for
75%
werent
75%
Hint
Answer
% Correct
one
75%
for
75%
as
68.8%
passes
68.8%
feel
68.8%
fight
68.8%
your
68.8%
love
68.8%
fight
68.8%
your
68.8%
soul
68.8%
deep
68.8%
wanted
68.8%
see
68.8%
in
68.8%
dreams
68.8%
will
68.8%
dont
68.8%
come
68.8%
back
68.8%
dont
68.8%
come
68.8%
back
68.8%
dont
68.8%
come
68.8%
back
68.8%
dont
68.8%
come
68.8%
back
68.8%
dont
68.8%
come
68.8%
back
68.8%
up
62.5%
of
62.5%
maybe
62.5%
still
62.5%
it
62.5%
low
56.3%
searchin
56.3%
covering
56.3%
all
56.3%
there
56.3%
wait
56.3%
all
56.3%
that
56.3%
emotion
56.3%
no
56.3%
no
56.3%
no
56.3%
no
56.3%
no
56.3%
no
56.3%
no
56.3%
pieces
50%
holes
50%
things
50%
did
50%
just
50%
wasnt
50%
through
50%
throw
43.8%
cares
43.8%
away
43.8%
noticed
18.8%
Quiz Playlist
Details
Report
Send in Message
Add To Playlist
Classic:
Type in answers that appear in a list
Last Updated: Aug 26, 2017
Quiz Scoreboard
CHALLENGE
Sign Up to Join the Scoreboard
Show All
Scores
Hide
Comments
May contain spoilers
Recently Published
College Basketball Coaching Resumes
by pancakes188
Sports
9m
Billboard Blitz: Fleetwood Mac
by CooCooCachoo
Music
15s
Presidents Visiting Landmarks
by Hejman
History
7m
More to Explore
Quiz From the Vault
Featured Blog Post
Where Did the Easter Bunny Come From?
hide this ad
You Might Also Like...
Tags
Coaster
Today's Top Quizzes in Music
Browse Music
hide this ad
Today's Top Quizzes in Coaster
Browse Coaster
Top Contributed Quizzes in Music
1
Taylor Swift All Songs (2024)
2
Guess the Artist- 70s Songs
3
7-to-1: Billboard Hot 100 #1 Hits of 2010s
4
Sorting Albums and Songs
5
Taylor Swift Logic Puzzle
6
KPOP LOGIC QUIZ
7
One Thing in Common: Music
8
Guess the Taylor Swift song (Mystery Song)
9
2010s Album by Cover III
10
Guess The Taylor Swift Lyrics Song #1
Explore More
Trending Topics
Harry Potter
Disney
Kpop
NBA
Anime
Marvel
Crossword
NFL
Puzzle
Country
Pokémon
Soccer
The Office
Song
WWE
hide this ad
More By:
2938576
Quiz
Plays
Rating
Category
Featured
Created
Lyrics of 'Introducing Me' - Camp Rock 2/ Nick Jonas
2,377
3.00
Music
Apr 6, 2018
other side lyrics part 1
1,710
5.00
Music
Jan 30, 2018
Lyrics of 'White Ferrari' - Frank Ocean
1,635
1.83
Music
Apr 6, 2018
other side lyrics part 2
789
Music
Jan 30, 2018
gravity lyrics by eden
292
4.67
Music
Oct 11, 2017
Go to Creator's Profile
Score Distribution
Quiz Creator Spotlight
2938576
Follow
Send a Message
Quizzes Created
-
Created Quiz Play Count
-
More By This Creator
Popular Quizzes Today
1
Find the US States - No Outlines Minefield
2
Find the Countries of Europe - No Outlines Minefield
3
The Countries of the World
4
Find the US States
5
Risky Map Clicking: Biggest States A-Z
6
US States
7
Popular People in 1961
8
Movies - When Are They Set?
More Music Quizzes
One-Hit Wonder by Song Title (1970s)
Published
Trending Quizzes
Risky Map Clicking: Least Populous States A-Z
1-10 Letter G Words
1-10 Letter F Words
Risky Map Clicking: Next State Alphabetically
Click the Washington State Counties! (Map)
Recently Updated
Leaping Animals
pecheneg
Reality TV Shows (A-Z)
bhenderson79
Rickey Henderson's Hall of Fame Teammates
pecheneg
Champions League XIs: Arsenal
pecheneg
Quick Pick: Celebrities in WWE's Hall of Fame
aduchscher
A-Z Keypad Blitz II
pecheneg
Multiple Oscar Actors
pecheneg
Mystery Phrase Blitz: Oscar 'Best Actors'
pecheneg
F. Scott Fitzgerald Novels
LTH
Pick 3 Villains
ddd62291
Trending Topics
Marvel
Kpop
Harry Potter
Crossword
Anime
NBA
Disney
WWE
Pokémon
Country
Song
NFL
The Office
Puzzle
Soccer
Your Account Isn't Verified!
In order to create a playlist on Sporcle, you need to verify the email address you used during registration. Go to your
Sporcle Settings
to finish the process.
Report this User
Report this user for behavior that violates our
Community Guidelines
.
Details:
Send Report
Go to the Sporcle.com Mobile Site →
Comments